000 00435nam a2200181Ia 4500
001 9177
005 20260306160704.0
008 260306t2003||||xx |||||||||||||| ||spa||
041 _aESP
082 _a375
_bC34
100 _aCastillo Arredondo, santiago
_eAUT
245 0 _aPrácticas de evaluacion educativa
260 _c2003
300 _a360 páginas :
_c24 cm.
650 _aGEN
654 _aCED
942 _cLIB
_dJUS
_fJUS
_2ddc
_n
999 _c9177
_d9177